| 000 | 00706nam a2200217Ii 4500 | ||
|---|---|---|---|
| 003 | JO-AjNU | ||
| 008 | 230606s9999||||xx |||||||||||||| ||und|| | ||
| 020 | _a978-0-538-78604-1 | ||
| 040 |
_aJO-AjNU _beng _erda _cJO-AjNU |
||
| 041 | _aeng | ||
| 050 | 1 | 4 | _aQA76.73 2010 |
| 100 | 3 |
_aFarrell , Joyce, _eauthor _93935 |
|
| 245 | 0 | 0 | _aVisual 2008 Comprehensive:An Introduction to Object-oriented Programming |
| 250 | _a2 ed | ||
| 264 | 3 | 1 | _aAusteralia :Course Technology , 2010 |
| 300 | _a974p | ||
| 336 |
_atext _btxt _2rdacontent |
||
| 337 |
_aunmediated _bn _2rdamedia |
||
| 338 |
_avolume _bnc _2rdacarrier |
||
| 650 | 4 |
_aVisual 2008 Comprehensive:An Introduction to Object-oriented Programming _93936 |
|
| 999 |
_aE2051 _c2050 _d2050 |
||